000 006530000a22001810004500
003 MACL
005 20160531144836.0
008 160531b xxu||||| |||| 00| 0 eng d
040 _aMACL
_cMACL
041 _aHindi
082 _a900 MIS
100 _aमिश्र, ज्ञान प्रकाश
_961017
245 _aभक्ति आन्‍दोलन का इतिहास
_cज्ञान प्रकाश मिश्र
260 _aनई दिल्‍ली
_bयूनिवर्सिटी पब्लिकेशन
_c2010
350 _a400
650 _aइतिहास
_961018
942 _cHIN
_k900/MIS
_2ddc
999 _c48371
_d48371